Les meilleures nations au Jeux Olympiques de la Jeunesse - Statistiques

Statistiques générales
  • Ce quiz a été pris 58 fois
  • Le résultat moyen est 12 sur 15
Statistiques - réponses
Rang Médailles Pays % Correct
2 187 Chine
100%
7 89 France
100%
5 96 Etats-Unis
98%
3 115 Japon
98%
1 228 Russie
98%
4 113 Allemagne
90%
6 96 Italie
90%
14 51 Canada
88%
10 73 Australie
81%
8 81 Corée-du-Sud
71%
12 52 Suisse
71%
15 48 Norvège
65%
13 51 Autriche
58%
9 77 Ukraine
52%
11 66 Hongrie
44%
Aucun quiz correspondant
Distribution des résultats
% des personnes avec chaque résultat
Percentile par nombre de réponses
Votre historique - résultats
Vous n’avez pas pris ce quiz